000
00336 a2200157 4500
001
48273
020
_a
8526238620
040
_c
Anchieta - Bela Vista
100
_a
Braz, Júlio Emílio
240
1
0
_a
Pollyanna
_l
por
245
1
0
_a
Pollyanna
300
_a
48p.
362
0
_a
2001
650
4
_a
Literatura infanto-juvenil
942
_c
BK
999
_c
48273
_d
48273